| 000 | 00494cam a2200157 i 4500 | ||
|---|---|---|---|
| 020 | _a0913750050 | ||
| 082 | 0 | 0 |
_a355.02/184 _bREV _cL-30, P- |
| 245 | 0 | 0 |
_aRevolutionary guerrilla warfare / _cedited by Sam C. Sarkesian. |
| 260 |
_aChicago : _bPrecedent Pub., _cc1975. |
||
| 300 |
_axxv, 623 p. : _bill. ; _c24 cm. |
||
| 526 |
_a0 _b0 _c0 _d355_021840000000000_REV |
||
| 650 | 0 |
_aGuerrilla warfare. _918957 |
|
| 650 | 0 |
_aRevolutions. _948721 |
|
| 700 | 1 |
_aSarkesian, Sam C. _948722 |
|
| 942 |
_2ddc _cBK |
||
| 999 |
_c551576 _d551576 |
||